Library Logo

Pioneer International University Library Catalogue

WARIDI LA TOVUTI (Record no. 9626)

MARC details
000 -LEADER
fixed length control field 00388nam a22001457a 4500
003 - CONTROL NUMBER IDENTIFIER
control field OSt
005 - DATE AND TIME OF LATEST TRANSACTION
control field 20251015101312.0
008 - FIXED-LENGTH DATA ELEMENTS--GENERAL INFORMATION
fixed length control field 251015b |||||||| |||| 00| 0 eng d
020 ## - INTERNATIONAL STANDARD BOOK NUMBER
International Standard Book Number 9789966500120
040 ## - CATALOGING SOURCE
Transcribing agency VIDE MUWA PUBLISHERS
050 ## - LIBRARY OF CONGRESS CALL NUMBER
Classification number PL8704 .W36 2016
245 ## - TITLE STATEMENT
Title WARIDI LA TOVUTI
Statement of responsibility, etc. WAMITILA, KW
260 ## - PUBLICATION, DISTRIBUTION, ETC.
Place of publication, distribution, etc. NAIROBI, KENYA
Name of publisher, distributor, etc. VIDE MUWA PUBLISHERS LTD
Date of publication, distribution, etc. 2016
942 ## - ADDED ENTRY ELEMENTS (KOHA)
Source of classification or shelving scheme Library of Congress Classification
Koha item type Books
Suppress in OPAC No

No items available.